01023nam a22002057a 4500003001700000005001700017008004100034040000700075041001200082082002000094100001900114245005900133260003300192300002500225365001200250520048000262600004100742700001800783700001600801St Aloysius Coll20260418152506.0260418b |||||||| |||| 00| 0 eng d cAL aEnglish a362.10954bDSOH aClaret Dsouza aHealth food and public policyb: an indian perspective aGhaziabadbP&P Academyc2025 a312p.bPBc24x18.4cm 2General aFood and Health: A Public Policy Perspective in India examines the deep connections between nutrition, public health, and policymaking in India. Addressing challenges like malnutrition, lifestyle diseases, food security, and healthcare access, the book blends research, case studies, and policy analysis. It highlights India’s journey from the Green Revolution to current reforms, offering pathways toward sustainable, inclusive, and health-focused policies for the future. 2Indian SubcontinentaSocial Sciences aBasil, Hans V aSajimon P P